| 000 | 00440 a2200145 4500 | ||
|---|---|---|---|
| 000 | BKB | ||
| 001 | 146211 | ||
| 005 | 20200902155445.0 | ||
| 008 | |||
| 020 | _a9788120329553 | ||
| 100 | _aTanenbaum, Andrew S. | ||
| 245 | 1 |
_aOperating system: design & implementation _cby Andrew S. Tanenbaum |
|
| 260 |
_aNew delhi _bPHI Learning Private Limited _c2006 |
||
| 700 |
_aWoodhull, Albert S. _b _c |
||
| 999 |
_c12409 _d12409 |
||